000 00356nam a2200133Ia 4500
005 20260328104309.0
008 260328s9999||||xx |||||||||||||| ||und||
100 _aPintó Saloni, Maciá
245 0 _aVillanueva. La Síntesis, Volumen II /
_cMaciá Pintó Saloni
260 _bFundación Villanueva
300 _a446 p.
650 _aESPACIO
942 _cBK
999 _c10899
_d10899